| 000 | 00412nam a2200169Ia 4500 | ||
|---|---|---|---|
| 005 | 20240823011946.0 | ||
| 008 | 240823s9999||||xx |||||||||||||| ||und|| | ||
| 082 | _A658.15 P2 | ||
| 100 | _aBatra G S | ||
| 245 | 0 | _aFinancial Services and Markets | |
| 250 | _a1st | ||
| 260 |
_c2002 _b"Deep and Deep,New Delhi" |
||
| 500 | _aYES | ||
| 650 |
_aManagement _bManagement Studies |
||
| 942 | _cBK | ||
| 999 |
_c163021 _d163021 |
||